000
00301nam a22001337a 4500
008
170216b xxu||||| |||| 00| 0 eng d
020
_a
9780632045853
041
_a
eng
080
_a
615
100
_a
5
101
_a
SHF
245
_a
VISUAL MNEMONICS FOR PHARMACOLOGY
_c
MARBAS, L.L
942
_2
udc
_c
BK
999
_c
5717
_d
5717